Familias: diagnóstico y políticas públicas

Guardat en:
Dades bibliogràfiques
Format: Text
Matèries:
Etiquetes: Afegir etiqueta
Sense etiquetes, Sigues el primer a etiquetar aquest registre!

MARC

LEADER 00000 a a2200000 04500
001 10238
003
040
245 |a Familias: diagnóstico y políticas públicas  
650 |a FAMILIA  
650 |a ASPECTOS DEMOGRAFICOS  
773 |g número 18 Especial; páginas 10  
999 |c 20270  |d 20270